Organizations : (Record no. 3054)

MARC details
000 -LEADER
fixed length control field 01161cam a22001694a 4500
020 ## - INTERNATIONAL STANDARD BOOK NUMBER
ISBN 0072987170
050 ## - CALL NUMBER
Classification number HD58.7
Item number .G54
100 ## - AUTHOR
Personal name James L Gibson
245 ## - TITLE
Title Organizations :
Remainder of title behavior, structure, processes
Statement of responsibility, etc James L. Gibson ... [et al.].
250 ## - EDITION
Edition statement 12th ed.
260 ## - PUBLICATION INFORMATION
Place of publication Boston :
Name of publisher McGraw-Hill/Irwin,
Year of publication 2006.
300 ## - DESCRIPTION
Number of Pages xviii, 606 p. :
Other physical details ill. ;
Dimensions 26 cm.
500 ## - NOTES
General note Includes index.
505 ## - FORMATTED CONTENTS NOTE
Table of Content Chapter 1. The study of organization<br/>Chapter 2. Organizational culture<br/>Chapter 3. Globalizational<br/>Chapter 4. Individual behaviour and differences<br/>Chapter 5. Motivation: Background and theories<br/>Chapter 6. Motivation: Organizational application<br/>Chapter 7. Workplace Stress: Issues and management<br/>Chapter 8. Group and team behaviour<br/>Chapter 9. Conflict and negotiation<br/>Chapter 10. Power and politics<br/>Chapter 11. Leadership: Fundamentals<br/>Chapter 12. Leadership: Emerging and changing<br/>Chapter 13. Organization structure<br/>Chapter 14. Organization structure<br/>Chapter 15. Managing communication process<br/>Chapter 16. Decision making<br/>Chapter 17. Managing organizational change and learning
650 ## - SUBJECTS
Topical Term Organization
942 ## - ADDED ENTRY ELEMENTS (KOHA)
Koha item type Books
Holdings
Withdrawn status Lost status Home library Current library Shelving location Date acquired Full call number Accession Number Koha item type
    Methodist University Library Tema Methodist University Library Tema General Stacks 05/07/2014 HD58.7 .G54 39939 Books
Copyright © 2026  MUG Library